All-Star Week-end 2018 Players - Statistics

General Stats
  • This quiz has been taken 71 times
  • The average score is 34 of 55
Answer Stats
Player Team % Correct
Klay Thompson Warriors
99%
Stephen Curry Warriors
99%
Joel Embiid 76ers
97%
LeBron James Cavaliers
97%
Damian Lillard Trail Blazers
96%
James Harden Rockets
96%
Anthony Davis Pelicans
94%
Draymond Green Warriors
94%
Giannis Antetokounmpo Bucks
94%
Kevin Durant Warriors
94%
Karl-Anthony Towns Timberwolves
93%
Russell Westbrook Thunder
93%
John Wall Wizards
91%
Kyle Lowry Raptors
91%
Kyrie Irving Celtics
91%
Bradley Beal Wizards
90%
Paul George Thunder
90%
Jimmy Butler Timberwolves
88%
DeMar DeRozan Raptors
87%
Kevin Love Cavaliers
84%
Jayson Tatum Celtics
81%
DeMarcus Cousins Pelicans
75%
Al Horford Celtics
74%
Jaylen Brown Celtics
72%
Victor Oladipo Pacers
70%
LaMarcus Aldridge Spurs
65%
Aaron Gordon Magic
62%
Andre Drummond Pistons
62%
Devin Booker Suns
62%
Kristaps Porzingis Knicks
62%
Lonzo Ball Lakers
62%
Eric Gordon Rockets
61%
Brandon Ingram Lakers
58%
Ben Simmons 76ers
55%
Jamal Murray Nuggets
55%
Donovan Mitchell Jazz
54%
Goran Dragic Heat
48%
Kyle Kuzma Lakers
48%
Domantas Sabonis Pacers
45%
Dennis Smith Jr. Mavericks
41%
Lou Williams Clippers
33%
Tobias Harris Pistons
33%
Malcolm Brogdon Bucks
32%
Buddy Hield Kings
30%
John Collins Hawks
26%
Larry Nance Jr. Lakers
23%
Lauri Markkanen Bulls
23%
Spencer Dinwiddie Nets
20%
Dario Saric 76ers
17%
Kris Dunn Bulls
17%
Bogdan Bogdanovic Kings
14%
Dillon Brooks Grizzlies
12%
Frank Ntilikina Knicks
10%
Taurean Prince Hawks
10%
Wayne Ellington Heat
10%
No matching quizzes found
Score Distribution
Percent of People with Each Score
Percentile by Number Answered
Your Score History
You have not taken this quiz